[Event "Yerevan op"]
[Site "Yerevan"]
[Date "1983.??.??"]
[Round "4"]
[White "Semakin, Anatolij"]
[Black "Kozirev, Alexander"]
[Result "1/2-1/2"]
[WhiteElo "2200"]
[BlackElo "2200"]

1.d4 d5 2.c4 e6 3.Nc3 c6 4.Nf3 Nf6 5.Qb3 dxc4 6.Qxc4 b6 7.g3 Bb7 8.Bg2 Nbd7
9.O-O Be7 10.Rd1 Nd5 11.e4 Nxc3 12.bxc3 O-O 13.a4 c5 14.d5 exd5 15.exd5 Bd6
16.Bf4 Qc7 17.Bxd6 Qxd6 18.h4 Nf6 19.Ng5 Rad8 20.Qb3 h6 21.Nh3 Bc8 22.a5 Bxh3
23.Bxh3 bxa5 24.Qb5 Qb6 25.Qxa5 Rxd5 26.Rdc1 Rd2 27.Qxa7 Qd6 28.Qb7 Rb8 29.Ra8  1/2-1/2

[Event "Barcelona"]
[Site "Barcelona"]
[Date "1984.??.??"]
[Round "?"]
[White "Bellon Lopez, Juan Manuel"]
[Black "Chekhov, Valery A"]
[Result "0-1"]
[WhiteElo "2425"]
[BlackElo "2535"]

1.d4 Nf6 2.c4 e6 3.Nf3 d5 4.Nc3 c6 5.Qb3 dxc4 6.Qxc4 b5 7.Qd3 Nbd7 8.g3 Bb7
9.Bg2 a6 10.Bg5 c5 11.dxc5 Bxc5 12.O-O h6 13.Bxf6 Nxf6 14.Ne5 Bxg2 15.Kxg2 O-O
16.Rfd1 Qb6 17.e3 Rfd8 18.Qe2 Bd6 19.Ng4 Qc6+ 20.Qf3 Qxf3+ 21.Kxf3 Nxg4 22.Kxg4 Be5
23.f4 Bxc3 24.bxc3 Rac8 25.Rxd8+ Rxd8 26.a4 Rd3 27.axb5 axb5 28.Rb1 Rxe3
29.Rxb5 Rxc3 30.h4 Kf8 31.h5 Rd3 32.Rb8+ Ke7 33.Rg8 Rd8  0-1

[Event "Bayamo"]
[Site "Bayamo"]
[Date "1984.??.??"]
[Round "?"]
[White "Vilela, Jose Luis"]
[Black "Diaz, Joaquin C"]
[Result "1/2-1/2"]
[WhiteElo "2450"]
[BlackElo "2405"]

1.d4 d5 2.c4 e6 3.Nf3 Nf6 4.Nc3 c6 5.Qb3 Nbd7 6.Bg5 h6 7.Bxf6 Nxf6 8.e3 Bd6
9.Bd3 O-O 10.O-O b6 11.e4 dxe4 12.Nxe4 Nxe4 13.Bxe4 Qc7 14.Rfe1 Bb7 15.Rad1 c5
16.Bxb7 Qxb7 17.d5 exd5 18.Rxd5 Rad8 19.Qe3 Qc6 20.Red1 Bc7 21.b3 Qf6 22.g3 Rde8
23.Qd3 Re7 24.Kg2 Rfe8 25.Rd2 Qe6 26.Rd7 Rxd7 27.Qxd7 Re7 28.Qxe6 Rxe6 29.Rd7 Rc6
30.h4 Kf8 31.h5 Ke8 32.Rd5 Bd8 33.Ne5 Rc7 34.Ng4 Rc6 35.Ne5 Rc7 36.Ng4 Rc6
37.Ne3 Bf6 38.Nf5 Re6 39.Kf1 Bc3 40.Rd3 Bf6 41.f4 Rc6 42.Rd6 Rxd6 43.Nxd6+ Kd7
44.Nf5 Ke6 45.g4 Ba1 46.Kf2 Bb2 47.Kf3 Bc3 48.Ke4 Bb2  1/2-1/2

[Event "Politiken Cup"]
[Site "Copenhagen"]
[Date "1984.??.??"]
[Round "2"]
[White "Portisch, Ferenc"]
[Black "Sorensen, Bent"]
[Result "1/2-1/2"]
[WhiteElo "2445"]
[BlackElo "2290"]

1.d4 d5 2.c4 e6 3.Nc3 c6 4.Nf3 Nf6 5.Qb3 Nbd7 6.g3 Bd6 7.Bg2 O-O 8.O-O dxc4
9.Qxc4 e5 10.Bg5 exd4 11.Nxd4 Qa5 12.Bxf6 Nxf6 13.Nxc6 bxc6 14.Qxc6 Rb8 15.Qxd6 Rxb2
16.Ne4 Nxe4 17.Bxe4 Re8 18.Bf3  1/2-1/2

[Event "Graz"]
[Site "Graz"]
[Date "1984.??.??"]
[Round "?"]
[White "Bellon Lopez, Juan Manuel"]
[Black "Flear, Glenn C"]
[Result "0-1"]
[WhiteElo "2425"]
[BlackElo "2455"]

1.d4 d5 2.c4 e6 3.Nc3 c6 4.Nf3 Nf6 5.Qb3 dxc4 6.Qxc4 b5 7.Qd3 Ba6 8.Qc2 Nbd7
9.e4 Qa5 10.Nd2 Rc8 11.Be2 c5 12.Nb3 Qb6 13.dxc5 Nxc5 14.Be3 b4 15.Nxc5 Bxc5
16.Qa4+ Ke7 17.e5 bxc3 18.exf6+ gxf6 19.Bxa6 Bxe3 20.Bxc8 Bxf2+ 21.Kf1 Rxc8
22.Rd1 Rc5 23.Qd7+ Kf8 24.Qd8+ Qxd8 25.Rxd8+ Ke7 26.Rb8 cxb2 27.Kxf2 Rc2+
28.Kg3 Rc1 29.Rxb2 Rxh1 30.Rb7+ Kf8 31.Rxa7 Ra1 32.Kf2 f5 33.g3 Kg7 34.h4 h6
35.Kf3 Kf6 36.Ra8 Ke5 37.Ra7 Kf6 38.Ra8 Kg6 39.Ra7 e5 40.Ra6+ f6 41.Ke3 Rg1
42.Kf2 Ra1 43.a4 Ra2+ 44.Kg1 Kh5 45.Rxf6 Kg4 46.Rg6+ Kf3 47.Rf6 Kxg3 48.Rxf5 Rxa4
49.Rf1 Rxh4 50.Rf6 e4 51.Rg6+ Kf3 52.Rf6+ Ke2 53.Kg2 e3 54.Kg3 Rh1 55.Re6 Rg1+
56.Kf4 Rf1+ 57.Ke4 Ra1 58.Kf4 Ra4+ 59.Kg3 h5 60.Rb6 Rg4+  0-1

[Event "Lugano op"]
[Site "Lugano"]
[Date "1984.??.??"]
[Round "?"]
[White "Damljanovic, Branko"]
[Black "Flear, Glenn C"]
[Result "1/2-1/2"]
[WhiteElo "2400"]
[BlackElo "2385"]

1.d4 d5 2.c4 e6 3.Nc3 c6 4.Nf3 Nf6 5.Qb3 dxc4 6.Qxc4 b5 7.Qb3 Bb7 8.g3 Nbd7
9.Bg2 Be7 10.O-O O-O 11.Rd1 a6 12.Bg5 h6 13.Bxf6 Nxf6 14.Ne5 Qb6  1/2-1/2

[Event "New York op"]
[Site "New York"]
[Date "1984.??.??"]
[Round "6"]
[White "Conquest, Stuart"]
[Black "Gostkhorhevich, V."]
[Result "1-0"]
[WhiteElo "2260"]
[BlackElo "2215"]

1.d4 d5 2.c4 c6 3.Nf3 Nf6 4.Nc3 e6 5.Qb3 Nbd7 6.g3 Be7 7.Bg2 O-O 8.O-O b6
9.Rd1 Bb7 10.Bg5 h6 11.Bxf6 Nxf6 12.Ne5 Rc8 13.Rac1 Rc7 14.e4 dxe4 15.Nxe4 Qa8
16.c5 b5 17.Nxf6+ Bxf6 18.Be4 Rd8 19.f4 Bxe5 20.dxe5 Rd5 21.Bxd5 cxd5 22.Qxb5 Bc6
23.Qe2 Rd7 24.Rd4 Qb7 25.Rc3 g6 26.g4 Kh7 27.f5 Rd8 28.f6 Qc7 29.Rh3 Rg8
30.Rxh6+ Kxh6 31.g5+  1-0

[Event "BUL-ch"]
[Site "Sofia"]
[Date "1984.??.??"]
[Round "?"]
[White "Donchev, Dimitar I"]
[Black "Radev, Nikolai"]
[Result "1-0"]
[WhiteElo "2505"]
[BlackElo "2325"]

1.d4 d5 2.Nf3 Nf6 3.c4 c6 4.Nc3 e6 5.Qb3 Nbd7 6.Bf4 Be7 7.e3 O-O 8.Be2 b6
9.cxd5 exd5 10.O-O Bb7 11.Rfd1 Re8 12.Rac1 Nf8 13.Ne5 Ng6 14.Qa4 Nxe5 15.dxe5 Nd7
16.b4 Bf8 17.b5 c5 18.Nxd5 Nxe5 19.e4 Bd6 20.Bg3 g5 21.Ne3 Qc7 22.Rd2 Rad8
23.Rcd1 Be7 24.Qxa7 f6 25.Bxe5 fxe5 26.Bc4+ Kh8 27.Nd5 Qb8 28.Qxb6 Bxd5 29.Qxb8 Rxb8
30.Rxd5 Red8 31.Kf1 Kg7 32.Ke2 Rxd5 33.Rxd5 Kf6 34.Rd7 Ra8 35.b6 Ra4 36.b7 Rb4
37.a4  1-0

[Event "URS-FL"]
[Site "Sverdlovsk"]
[Date "1984.??.??"]
[Round "?"]
[White "Kharitonov, Andrei Y"]
[Black "Dolmatov, Sergey"]
[Result "1/2-1/2"]
[WhiteElo "2470"]
[BlackElo "2540"]

1.d4 d5 2.Nf3 c6 3.c4 Nf6 4.Qb3 e6 5.Nc3 dxc4 6.Qxc4 b5 7.Qb3 Nbd7 8.Bg5 Be7
9.Rd1 O-O 10.e3 a6 11.Qc2 Bb7 12.Bd3 h6 13.Bh4 Rc8 14.O-O c5 15.dxc5 Rxc5
16.Qe2 Qc7 17.Ne4 Rd5 18.Rc1 Qb6 19.Bb1 Re8 20.Nxf6+ Nxf6 21.Bg3  1/2-1/2

[Event "URS-ch U20"]
[Site "Vilnius"]
[Date "1984.??.??"]
[Round "2"]
[White "Sturua, Zurab"]
[Black "Majorovas, Vitalijus"]
[Result "1-0"]
[WhiteElo "2450"]
[BlackElo "2420"]

1.d4 d5 2.c4 c6 3.Nf3 Nf6 4.Nc3 e6 5.Qb3 Nbd7 6.Bf4 a5 7.cxd5 exd5 8.e3 Be7
9.h3 O-O 10.Bd3 Re8 11.O-O Nf8 12.Rac1 Bd6 13.Bxd6 Qxd6 14.Na4 N8d7 15.Nd2 g6
16.a3 Kg7 17.Qc2 Re7 18.Rfe1 Ng8 19.Qc3 Qc7 20.e4 Nb6 21.Nxb6 Qxb6 22.Re3 Nf6
23.e5 Nh5 24.g3 Kg8 25.Kh2 Ng7 26.f4 Bf5 27.Be2 Ne6 28.g4 Be4 29.Nxe4 dxe4
30.Rxe4 Rd7 31.f5 Nxd4 32.e6 Rd6 33.exf7+ Kxf7 34.Bc4+ Kg7 35.Re7+ Kh8 36.Qe3 Qxb2+
37.Kg3 Nxf5+ 38.gxf5 gxf5 39.Re8+ Rxe8 40.Qxe8+ Kg7 41.Qe7+ Kh6 42.Qxd6+  1-0

[Event "Ballerup"]
[Site "Ballerup"]
[Date "1985.??.??"]
[Round "9"]
[White "Brinck Claussen, Bjorn"]
[Black "Hector, Jonny"]
[Result "1-0"]
[WhiteElo "2380"]
[BlackElo "2295"]

1.d4 d5 2.c4 e6 3.Nf3 Nf6 4.Nc3 c6 5.Qb3 Be7 6.g3 O-O 7.Bg2 dxc4 8.Qxc4 b5
9.Qb3 Ba6 10.a3 Nbd7 11.O-O Qb6 12.Qc2 c5 13.dxc5 Bxc5 14.b4 Be7 15.Be3 Qc7
16.Rac1 Rac8 17.Qb3 Qb8 18.Nd4 Ng4 19.Nxe6 Nxe3 20.fxe3 Qe5 21.Nxf8 Qxe3+
22.Kh1 Rxf8 23.Qd5 Nb6 24.Qf3 Bg5 25.Qxe3 Bxe3 26.Rcd1 Nc4 27.Rd3 Bb6 28.Nd5 Ne5
29.Rc3 Bd4 30.Rc7 Nc4 31.Ne7+ Kh8 32.Nc6 Bf6 33.Rxa7 Bc8 34.Rc1 Be6 35.a4 Bg5
36.Rb1 Na3 37.Rf1 Bc4 38.a5 Bxe2 39.Rf2 Rg8 40.Rf5  1-0

[Event "Kecskemet op"]
[Site "Kecskemet "]
[Date "1985.??.??"]
[Round "4"]
[White "Sarosi, Zoltan"]
[Black "Feher, Gyula"]
[Result "0-1"]
[WhiteElo "2300"]
[BlackElo "2335"]

1.d4 d5 2.c4 c6 3.Nf3 Nf6 4.Nc3 e6 5.Bf4 dxc4 6.e4 b5 7.e5 Nd5 8.Bd2 Nxc3
9.bxc3 Bb7 10.a4 a6 11.Qb1 Qd7 12.Be2 h6 13.O-O Be7 14.Be3 O-O 15.Nd2 c5
16.dxc5 Nc6 17.f4 Na5 18.axb5 axb5 19.Qb4 Nc6 20.Qxb5 Nxe5 21.c6 Qxc6 22.Qxc6 Nxc6
23.Bf3 Na5 24.Bb6 Bxf3 25.Rxf3 Nb3 26.Rxa8 Rxa8 27.Nxc4 Ra6 28.Kf1 Ra4 29.Ne3 Nd2+
30.Ke2 Nxf3 31.Kxf3 g5 32.g3 f5 33.h3 Kf7 34.c4 gxf4 35.gxf4 Bd6 36.Bd4 Bc7
37.Bc5 Ra6 38.Bd4 Ra3 39.Bc5 Rc3 40.Bd4 Rb3 41.c5 Rb4  0-1

[Event "Reggio Emilia8586"]
[Site "Reggio Emilia"]
[Date "1985.??.??"]
[Round "10"]
[White "Cebalo, Miso"]
[Black "Nogueiras, Jesus"]
[Result "1/2-1/2"]
[WhiteElo "2485"]
[BlackElo "2545"]

1.d4 d5 2.c4 e6 3.Nf3 Nf6 4.Nc3 c6 5.Qb3 Be7 6.g3 O-O 7.Bg2 b6 8.O-O Ba6
9.cxd5 cxd5 10.Bf4 Nc6 11.Rfc1 Na5 12.Qd1 Rc8 13.Ne5 Bb4 14.Bg5 Be7 15.Rab1 h6
16.Bxf6 Bxf6 17.b4 Nc4 18.b5 Bb7 19.Nxc4 Rxc4 20.e3 Qc7 21.Rb3 Qe7 22.Bf1 Rc7
23.Ne2 Rfc8 24.Rxc7 Rxc7 25.Nf4 Bc8 26.Bd3 Bd7 27.h4 g6 28.Kg2 Bg7 29.Qd2 Be8
30.Be2 Bf8 31.Nd3 f6 32.Nb4 g5 33.hxg5 hxg5 34.Rb1 Bg6 35.Bd3 Qh7 36.Bxg6 Qxg6
37.Qd3  1/2-1/2

[Event "Sochi"]
[Site "Sochi"]
[Date "1985.??.??"]
[Round "?"]
[White "Horvath, Jozsef"]
[Black "Sveshnikov, Evgeny"]
[Result "1/2-1/2"]
[WhiteElo "2520"]
[BlackElo "2530"]

1.d4 d5 2.c4 e6 3.Nf3 Nf6 4.Nc3 c6 5.Qb3 dxc4 6.Qxc4 b5 7.Qd3 Bb7 8.e4 b4
9.Na4 Nbd7 10.Be2 Qa5 11.b3 c5 12.e5 Nd5 13.O-O cxd4 14.Qxd4 Be7 15.Bg5 Bxg5
16.Nxg5 Bc6 17.Rac1 Bxa4 18.bxa4 Rd8 19.Rc6 Nc3 20.Bh5 O-O 21.Rd6 Nxe5 22.Re1 Ng6
23.h4 e5 24.Qd2 Rxd6 25.Qxd6 Rd8 26.Qc6 Qd5 27.Qc7 e4 28.a3 f6 29.axb4 fxg5
30.Qxc3 Nf4 31.Bd1 Kh8 32.Bb3 Qf5 33.Qc5 Qg4 34.g3 Qf3 35.gxf4 Qg4+ 36.Kf1 Qh3+
37.Kg1 Qg4+ 38.Kf1 Qh3+ 39.Kg1 Qg4+  1/2-1/2

[Event "NLD-ch"]
[Site "Hilversum"]
[Date "1986.??.??"]
[Round "7"]
[White "Goldstern, Flip"]
[Black "Van der Sterren, Paul"]
[Result "0-1"]
[WhiteElo "2310"]
[BlackElo "2470"]

1.d4 Nf6 2.Nf3 d5 3.c4 e6 4.Nc3 c6 5.Qb3 dxc4 6.Qxc4 b5 7.Qb3 Be7 8.Bg5 Nbd7
9.e3 Bb7 10.Be2 a6 11.O-O c5 12.Bxf6 gxf6 13.Rfd1 Qb6 14.d5 Rd8 15.Rd2 O-O
16.Rad1 c4 17.Qc2 Nc5 18.e4 Rfe8 19.Rd4 Bf8 20.e5 f5 21.g4 Bg7 22.gxf5 exf5
23.Qxf5 Qg6+ 24.Qxg6 hxg6 25.a4 Bxe5 26.Nxe5 Rxe5 27.Bf3 Nb3 28.Rg4 b4 29.Na2 a5
30.Rxc4 Bxd5 31.Bxd5 Rexd5 32.Rxd5 Rxd5 33.Nxb4 Rg5+ 34.Kh1 axb4 35.Rxb4 Nd2
36.h4 Rf5 37.Kg2 Nf3 38.Kg3 Ne1 39.Rb8+ Kg7 40.b4 Rf3+ 41.Kg4 Rxf2 42.a5 f5+
43.Kh3 Rf3+ 44.Kh2 f4 45.Re8 Nc2 46.a6 Ra3 47.b5 Nd4 48.b6 Rg3  0-1

[Event "ISR-ch"]
[Site "?"]
[Date "1986.??.??"]
[Round "?"]
[White "Shvidler, Eliahu"]
[Black "Alterman, Vladimir I"]
[Result "1-0"]
[WhiteElo "2435"]
[BlackElo "2370"]

1.d4 Nf6 2.Nf3 d5 3.c4 c6 4.Nc3 e6 5.Qb3 Ne4 6.Bf4 Qa5 7.e3 Nd7 8.Bd3 Be7
9.O-O g5 10.Bg3 Nxg3 11.fxg3 O-O 12.g4 Kg7 13.Rae1 Rb8 14.cxd5 cxd5 15.Bb1 Rh8
16.Rf2 b6 17.Ne2 Nf6 18.Ng3 Nxg4 19.Rc2 Bd6 20.Nf1 Bd7 21.Rcc1 Ba4 22.Qd3 Bb5
23.Qd1 Bxf1 24.Kxf1 Nxh2+ 25.Nxh2 Bxh2 26.Qh5 Bd6 27.Re2 Qb5 28.a4 Qxa4 29.Rf2 Qe8
30.Kg1 Qe7  1-0

[Event "URS-ch otbor"]
[Site "Minsk"]
[Date "1986.??.??"]
[Round "?"]
[White "Dautov, Rustem"]
[Black "Ehlvest, Jaan"]
[Result "1-0"]
[WhiteElo "2380"]
[BlackElo "2445"]

1.d4 Nf6 2.c4 e6 3.Nf3 d5 4.Nc3 c6 5.Qb3 dxc4 6.Qxc4 b5 7.Qb3 Nbd7 8.Bg5 Qa5
9.Bxf6 Nxf6 10.g3 b4 11.Na4 Ba6 12.e3 Nd7 13.Bxa6 Qxa6 14.Rc1 Qb5 15.Qc2 Rc8
16.b3 Be7 17.Qe2 O-O 18.Rc2 Rfd8 19.Nb2 Nf6 20.Ne5 Bf8 21.Na4 Bd6 22.Nc4 Bf8
23.Ne5 Bd6 24.Nd3 Nd5 25.O-O Nb6 26.Nac5 Nd5 27.Ne4 Bf8 28.Rfc1 h6 29.Qf1 Nb6
30.Ne5 Qd5 31.Qg2 c5 32.Nxc5 a5 33.Qxd5 exd5 34.Nb7 Rxc2 35.Rxc2 Ra8 36.Rc6  1-0

[Event "Wuppertal"]
[Site "Wuppertal"]
[Date "1986.??.??"]
[Round "?"]
[White "Budde, Vladimir"]
[Black "Westerinen, Heikki MJ"]
[Result "0-1"]
[WhiteElo "2345"]
[BlackElo "2410"]

1.Nf3 Nf6 2.c4 c6 3.d4 d5 4.Nc3 e6 5.Qb3 Be7 6.Bg5 O-O 7.Rd1 dxc4 8.Qxc4 b5
9.Qb3 a5 10.e4 h6 11.Bxf6 Bxf6 12.e5 Be7 13.Bd3 b4 14.Ne4 Qd5 15.Qc2 Ba6
16.Bxa6 Nxa6 17.b3 Rfc8 18.O-O a4 19.Ned2 axb3 20.axb3 Nb8 21.Nc4 Nd7 22.Ra1 c5
23.Rxa8 Qxa8 24.dxc5 Bxc5 25.Qd3 Qa7 26.Qe2 Qa6 27.Nfd2 Nb6 28.Qe4 Nd5 29.h4 Rd8
30.Qc2 Nc3 31.Ne4 Nxe4 32.Qxe4 Rd4 33.Qe3 Rxc4 34.Qe2 Bxf2+ 35.Qxf2 Rc7 36.Kh2 Qd3
37.Qb6 Qxf1 38.Qb8+ Kh7 39.Qxc7 Qf4+ 40.g3 Qf2+ 41.Kh3 Qf1+ 42.Kh2 Qd3 43.Qb7 Qxb3
44.Qe4+ g6 45.h5 Qa2+ 46.Kh3 Qd5 47.hxg6+ fxg6 48.Qxb4 Qh1+ 49.Kg4 Qh5+ 50.Kf4 Qf5+
51.Ke3 Qxe5+ 52.Kf2 Qf6+ 53.Kg2 h5 54.Qd6 Kh6  0-1

[Event "Debrecen"]
[Site "Debrecen"]
[Date "1987.??.??"]
[Round "1"]
[White "Uhlmann, Wolfgang"]
[Black "Karsa, Laszlo"]
[Result "0-1"]
[WhiteElo "2525"]
[BlackElo "2435"]

1.c4 e6 2.Nc3 d5 3.d4 c6 4.Qb3 Nf6 5.Nf3 Be7 6.Bf4 dxc4 7.Qxc4 b5 8.Qb3 Nbd7
9.e3 O-O 10.Be2 a6 11.O-O Bb7 12.Rfd1 c5 13.dxc5 Qa5 14.Ne5 Nxc5 15.Qc2 Rac8
16.Rd4 Nce4 17.Bf3 b4 18.Qa4 Qxa4 19.Nxa4 Rfd8 20.Nb6 Rc2 21.Rxd8+ Bxd8 22.Nbc4 Bd5
23.Bd1 Rxf2 24.Nd3 Rxf4 25.Nxf4 Bxc4 26.Rc1 Bb6 27.Rxc4 Bxe3+ 28.Kh1 Nf2+
29.Kg1 Nxd1+ 30.Kf1 g5 31.Nd3 Bb6 32.Rc6 Nd5 33.Ke2 N1e3 34.Nxb4 a5 35.Nxd5 Nxd5
36.h3 Kf8 37.Rc8+ Ke7 38.Rh8 h5 39.h4 gxh4 40.Kf3 Bd4 41.Ra8 Bb6 42.Rh8 e5
43.Ke4 Ke6 44.Re8+ Ne7 45.Rh8 f5+ 46.Kf3 e4+ 47.Ke2 Nd5 48.Re8+ Kd6 49.a3 Nf4+
50.Kf1 e3 51.Rf8 e2+ 52.Ke1 Bg1  0-1

[Event "Ostend op"]
[Site "Ostend"]
[Date "1987.??.??"]
[Round "5"]
[White "Winants, Luc"]
[Black "Lacrosse, Marc"]
[Result "1-0"]
[WhiteElo "2440"]
[BlackElo "2270"]

1.d4 d5 2.c4 e6 3.Nf3 Nf6 4.Nc3 c6 5.Qb3 dxc4 6.Qxc4 b5 7.Qb3 Nbd7 8.g3 b4
9.Na4 Ba6 10.Bg5 Qa5 11.Rc1 c5 12.e3 Bxf1 13.Kxf1 cxd4 14.Bxf6 Nxf6 15.Nxd4 Qd5
16.Qxd5 Nxd5 17.Ke2 Be7 18.Nc6 Bf6 19.Rc2 O-O 20.e4 Nb6 21.Nxb6 axb6 22.Nxb4 Ra4
23.a3 Be5 24.Rd1 f5 25.f4  1-0

[Event "Philadelphia op"]
[Site "Philadelphia"]
[Date "1987.??.??"]
[Round "?"]
[White "Zaltsman, Vitaly F"]
[Black "Griego, David W"]
[Result "1-0"]
[WhiteElo "2430"]
[BlackElo "2320"]

1.d4 d5 2.Nf3 Nf6 3.c4 e6 4.Nc3 c6 5.Qb3 dxc4 6.Qxc4 b5 7.Qb3 Nbd7 8.Bg5 b4
9.Na4 Ba6 10.e3 Bb5 11.Bxf6 gxf6 12.Rc1 Qa5 13.Nc5 Bxc5 14.dxc5 Ba4 15.Qc4 b3+
16.Nd2 Rb8 17.a3 Rb5 18.Qd4 Rxc5 19.Bc4 Rg5 20.O-O Qc5 21.Nxb3 Bxb3 22.Bxb3 Qxd4
23.exd4 Rb5 24.Rxc6 Ke7 25.Ba4 Rxb2 26.Rc7 Rd8 27.Rxa7 Kd6 28.g3 Nb6 29.Bd1 Rd7
30.Ra6 Kd5 31.Bf3+ Kc4 32.a4 Nd5 33.a5 Ra2 34.Rd1 Nc3 35.Rc6+ Kb4 36.Rc1 Ne2+
37.Bxe2 Rxe2 38.Rb1+ Ka4 39.a6 Ra2 40.Rb7  1-0

[Event "Porabka"]
[Site "Porabka"]
[Date "1987.??.??"]
[Round "9"]
[White "Szypulski, Andrzej"]
[Black "Bany, Jerzy"]
[Result "1/2-1/2"]
[WhiteElo "2320"]
[BlackElo "2430"]

1.Nf3 d5 2.d4 c6 3.c4 Nf6 4.Qb3 e6 5.Nc3 dxc4 6.Qxc4 b5 7.Qd3 a6 8.e4 c5
9.dxc5 Qxd3 10.Bxd3 Bxc5 11.e5 Nfd7 12.Be4  1/2-1/2

[Event "Sochi"]
[Site "Sochi"]
[Date "1987.??.??"]
[Round "?"]
[White "Kharitonov, Andrei Y"]
[Black "Panchenko, Alexander N"]
[Result "1/2-1/2"]
[WhiteElo "2450"]
[BlackElo "2450"]

1.d4 Nf6 2.Nf3 e6 3.c4 d5 4.Nc3 c6 5.Qb3 Nbd7 6.Bg5 Qa5 7.cxd5 exd5 8.Bd2 Qd8
9.Bg5 Qa5 10.Bd2 Qd8 11.Bg5  1/2-1/2

[Event "Tel Aviv"]
[Site "Tel Aviv"]
[Date "1987.??.??"]
[Round "?"]
[White "Pein, Malcolm"]
[Black "Elyoseph, Harel"]
[Result "1-0"]
[WhiteElo "2370"]
[BlackElo "2315"]

1.d4 d5 2.c4 c6 3.Nf3 Nf6 4.Qb3 e6 5.Nc3 Nbd7 6.g3 Be7 7.Bg2 O-O 8.O-O b6
9.Bf4 Ba6 10.cxd5 cxd5 11.Qa4 Bb7 12.Nb5 a6 13.Nd6 b5 14.Qb3 Qb6 15.Nxb7 Qxb7
16.Rfc1 Rfc8 17.a4 b4 18.Nd2 Rxc1+ 19.Rxc1 Rc8 20.Rc2 Rc6 21.e4 Qc8 22.Rxc6 Qxc6
23.e5 Ne8 24.Bf1 Nc7 25.Bd3 Nb6 26.a5 Nc8 27.Qd1 Nb5 28.Nf3 Nca7 29.Bd2 Nc7
30.h4 h6 31.Kg2 Bf8 32.h5 Ncb5 33.Qe1 Qb7 34.Bb1 Nc6 35.Qe3 Qa7 36.Qd3 f5
37.exf6 gxf6 38.Qg6+ Qg7 39.Qe8 Nbxd4 40.Nxd4 Nxd4 41.Bxb4 Qf7 42.Qa8 f5
43.Bc5 Qf6 44.Qe8 Kg7 45.Qd7+ Kh8 46.Qe8 Kg7 47.Qd7+ Kh8 48.Bxd4 Qxd4 49.Qxe6 Qxb2
50.Qxf5 Qg7 51.Qxd5 Qg5 52.Qd3 Kg7 53.Qxa6 Bc5 54.Qb7+ Qe7 55.Qd5 Kf6 56.a6  1-0

[Event "Uzhgorod"]
[Site "Uzhgorod"]
[Date "1987.??.??"]
[Round "?"]
[White "Kanstler, Boris"]
[Black "Huzman, Alexander"]
[Result "1/2-1/2"]
[WhiteElo "2405"]
[BlackElo "2435"]

1.d4 d5 2.c4 c6 3.Nc3 Nf6 4.Nf3 e6 5.Qb3 Nbd7 6.g3 Be7 7.Bg2 Nb6 8.cxd5 exd5
9.Ne5 Ng4 10.Nf3 Nc4 11.O-O Nd6 12.h3 Nf6 13.Bg5 O-O 14.Ne5 h6 15.Bf4 Nh5
16.Bd2 Nf6 17.Rac1 Nd7 18.Rfd1 Nb6 19.Na4 Nxa4 20.Qxa4 Bf5 21.Ba5 Qe8 22.Bb4 Kh8
23.Qb3 f6 24.Nf3 Rf7 25.e3 g5 26.Re1 Qd7 27.Kh2 Ne4 28.Bxe7 Rxe7 29.Re2 Qd6
30.Qa3 Qxa3 31.bxa3 Nd6 32.Rc3 Be4 33.Nd2 Bg6 34.a4 Kg7 35.Nb3 Nc4 36.Bf1 a5
37.Re1 b5 38.Nc5 Rb8 39.Be2 Rb6 40.Rec1 b4 41.Rb3 Bf7 42.Bd3 Rb8 43.Bf5  1/2-1/2

[Event "CUB-ch"]
[Site "?"]
[Date "1988.??.??"]
[Round "?"]
[White "Schwiep, Jose"]
[Black "Gomez, A."]
[Result "0-1"]
[WhiteElo "2300"]
[BlackElo "2370"]

1.d4 d5 2.c4 c6 3.Nf3 Nf6 4.Nc3 e6 5.Qb3 Be7 6.Bg5 O-O 7.e3 Nbd7 8.Rd1 b6
9.cxd5 exd5 10.Be2 Bb7 11.O-O Re8 12.a3 Rc8 13.Rfe1 Qc7 14.Rc1 Qb8 15.Bd3 Bd6
16.Bf5 Rc7 17.Bh4 h6 18.e4 Nxe4 19.Nxe4 dxe4 20.Bxe4 Nf8 21.Ne5 Ne6 22.Qd3 c5
23.Nc4 Bf4 24.Rcd1 Nxd4 25.g3 Rxe4 26.Rxe4 Bxe4 27.Qxe4 Bg5 28.Bxg5 hxg5
29.Nd6 Qd8 30.Nf5 Rd7 31.Re1 Ne6 32.Qg4 Qf6 33.Re2 g6 34.Ne3 Rd4 35.Qh3 Qf3
36.Qf1 Kg7 37.Rc2 g4 38.Rc3 Ng5 39.Qe1 Nh3+ 40.Kf1 Qh1+  0-1

[Event "Groningen"]
[Site "Groningen"]
[Date "1988.??.??"]
[Round "?"]
[White "Brenninkmeijer, Joris"]
[Black "Hoeksema, Hendrik Pieter"]
[Result "1-0"]
[WhiteElo "2390"]
[BlackElo "2355"]

1.d4 d5 2.c4 c6 3.Nf3 Nf6 4.Nc3 e6 5.Qb3 Nbd7 6.g3 a6 7.cxd5 exd5 8.Bg2 Bd6
9.O-O O-O 10.Bf4 Qe7 11.Bxd6 Qxd6 12.e3 Re8 13.Rac1 b5 14.Ne2 a5 15.Qc2 Bb7
16.Nf4 Ne4 17.Nd3 f6 18.Nd2 Ng5 19.Nb3 Nf8 20.Nbc5 Bc8 21.Nf4 Ra7 22.a4 b4
23.Ncd3 Bd7 24.Nc5 Bg4 25.h3 Bc8 26.Rfe1 g6 27.e4 Rae7 28.Nb3 Bd7 29.Nxa5 dxe4
30.Nxc6 Bxc6 31.Qxc6 Qxd4 32.Qd5+ Qxd5 33.Nxd5 Rf7 34.h4 Nge6 35.Rxe4 b3
36.Rce1  1-0

[Event "Moscow-A"]
[Site "Moscow"]
[Date "1988.??.??"]
[Round "?"]
[White "Chernin, Alexander"]
[Black "Kaidanov, Grigory S"]
[Result "1/2-1/2"]
[WhiteElo "2560"]
[BlackElo "2535"]

1.c4 e6 2.Nc3 d5 3.d4 c6 4.Nf3 Nf6 5.Qb3 dxc4 6.Qxc4 b5 7.Qd3 Nbd7 8.Bg5 Be7
9.g3 Qa5 10.Bxf6 Bxf6 11.Bg2 O-O 12.O-O Bb7 13.Ne4 Be7 14.Nfd2 Qb6 15.Nb3 Rfd8
16.Rfd1 c5  1/2-1/2

[Event "Thessaloniki ol (Men)"]
[Site "Thessaloniki"]
[Date "1988.??.??"]
[Round "8"]
[White "Portisch, Lajos"]
[Black "Van der Wiel, John TH"]
[Result "1/2-1/2"]
[WhiteElo "2630"]
[BlackElo "2540"]

1.Nf3 d5 2.d4 Nf6 3.c4 c6 4.Nc3 e6 5.Qb3 dxc4 6.Qxc4 b5 7.Qd3 Be7 8.Bg5 Qa5
9.Bxf6 Bxf6 10.Nd2 O-O 11.e3 Nd7 12.Qc2 e5 13.Nb3 Qb6 14.dxe5 Nxe5 15.Be2 Nc4
16.Rb1 g6 17.Ne4 Bg7 18.O-O Bf5 19.Bxc4 bxc4 20.Qxc4 Qb5 21.Qc2 Qa4 22.f3 Qxa2
23.Nd4 Bxe4 24.fxe4 Rab8 25.Nxc6 Rxb2 26.Rxb2 Qxb2 27.Qxb2 Bxb2  1/2-1/2

[Event "GMA-qual"]
[Site "Belgorod"]
[Date "1989.??.??"]
[Round "?"]
[White "Kanstler, Boris"]
[Black "Tabatadze, Tamaz"]
[Result "0-1"]
[WhiteElo "2430"]
[BlackElo "2310"]

1.d4 d5 2.c4 c6 3.Nc3 Nf6 4.Nf3 e6 5.Qb3 Nbd7 6.g3 Bd6 7.Bg2 O-O 8.O-O b6
9.Rd1 Bb7 10.Bg5 h6 11.Bxf6 Nxf6 12.Nd2 Qe7 13.e4 dxe4 14.Ndxe4 Nxe4 15.Nxe4 Bc7
16.Nc3 Rfd8 17.Qa4 Qd7 18.Rd3 Bd6 19.Rad1 Kf8 20.c5 Be7 21.b4 a5 22.bxa5 bxc5
23.dxc5 Qxd3 24.Rxd3 Rxd3 25.Bxc6 Bxc6 26.Qxc6 Rxa5 27.Nb5 Rxa2 28.Nd6 Bxd6
29.cxd6 g6 30.Qc8+ Kg7 31.Qc5 Rad2 32.Qe5+ Kg8 33.h4 h5 34.d7 Rxd7 35.Qb8+ Rd8
36.Qe5 Rc2 37.Qf6 Rdd2  0-1

[Event "Caorle op"]
[Site "Caorle"]
[Date "1989.??.??"]
[Round "1"]
[White "Loebler, Heimo"]
[Black "Anceschi, Vittorio"]
[Result "0-1"]
[WhiteElo "2000"]
[BlackElo "2225"]

1.d4 d5 2.c4 c6 3.Nf3 Nf6 4.Qb3 e6 5.Nc3 Be7 6.Bf4 O-O 7.e3 Nbd7 8.h3 dxc4
9.Bxc4 b5 10.Bxe6 fxe6 11.Qxe6+ Kh8 12.Qxc6 Nb6 13.Qxb5 Nfd5 14.Bg3 Bb4 15.O-O Bxc3
16.bxc3 Nxc3 17.Qd3 Ncd5 18.e4 Nf4 19.Bxf4 Rxf4 20.g3 Rf8 21.Kg2 Qf6 22.Ne5 Bb7
23.f4 Rad8 24.Rac1 Nd7 25.Ng4 Qd6 26.Rfd1 Nc5 27.Qb5 Bxe4+ 28.Kh2 Ne6 29.Qe5 Qd5
30.Qxd5 Rxd5 31.Re1 Rxd4 32.Nf2 Bd5 33.f5 Rd2 34.Kg1 Rxf5 35.Rc8+ Nf8 36.Ree8 Rdxf2  0-1

[Event "Midwest Masters op"]
[Site "Chicago"]
[Date "1989.??.??"]
[Round "3"]
[White "Gurevich, Dmitry"]
[Black "Colias, Billy"]
[Result "1-0"]
[WhiteElo "2480"]
[BlackElo "2230"]

1.Nf3 Nf6 2.c4 e6 3.Nc3 d5 4.d4 c6 5.Qb3 dxc4 6.Qxc4 b5 7.Qb3 Nbd7 8.g3 b4
9.Na4 Ba6 10.Bg5 Qa5 11.Bxf6 gxf6 12.Rc1 Bb5 13.Nc5 Nxc5 14.dxc5 O-O-O 15.Bh3 Bh6
16.Ra1 Qa6 17.O-O Bxe2 18.Rfe1 Qc4 19.Rxe2 Qxe2 20.Bf1 Qe4 21.Re1 Qd5 22.Ba6+ Kc7
23.Qxb4 Rb8 24.Qa5+ Kd7 25.Be2 Ke8 26.Rd1 Qe4 27.Qc7 Kf8 28.Qxb8+ Kg7 29.Qb3 Qxe2
30.Rd4 Re8 31.Qc3 Kf8 32.Rd6 e5 33.Kg2 Rb8 34.b4 a5 35.a3 axb4 36.axb4 Ra8
37.Nh4 Ra2 38.Qf3 Bg5 39.Qxe2 Rxe2 40.Nf5 Ke8 41.Rxc6 Rb2 42.Rb6 Kd7 43.b5 e4
44.c6+ Kc7 45.Rb7+  1-0

[Event "Copenhagen op"]
[Site "Copenhagen"]
[Date "1989.??.??"]
[Round "7"]
[White "Paunovic, Tomislav"]
[Black "Bang, Andreas"]
[Result "0-1"]
[WhiteElo "2425"]
[BlackElo "2315"]

1.d4 d5 2.c4 c6 3.Nf3 Nf6 4.Qb3 e6 5.Nc3 dxc4 6.Qxc4 b5 7.Qb3 a6 8.Bg5 c5
9.Bxf6 Qxf6 10.dxc5 Bxc5 11.a4 bxa4 12.Nxa4 Nd7 13.Nxc5 Nxc5 14.Qa3 Qe7 15.Rc1 Nd7
16.e3 Qxa3 17.bxa3 Ke7 18.Be2 Rb8 19.O-O Rb2 20.Nd4 Bb7 21.Rc7 Rd8 22.a4 Kf6
23.f4 Nb8 24.g4 Be4 25.h4 Rxd4 26.exd4 Rxe2 27.Rf2 Re1+ 28.Rf1 Rxf1+ 29.Kxf1 Nc6
30.Kf2 Bd5 31.Ke3 h5 32.gxh5 Ne7 33.Kd3 Bc6 34.a5 Bb5+ 35.Ke4 Nc6 36.f5 exf5+
37.Ke3 Nxa5 38.d5 Nc4+ 39.Kd4 Nd6 40.Kc5 Ne4+ 41.Kd4 Nd6 42.Kc5 f4 43.Kxd6 f3
44.Rc3 Be2 45.Kc7 f2 46.Rc6+ Kf5 47.d6 f1=Q 48.d7 Qf4+ 49.Kc8 Qe4 50.Rc5+ Ke6
51.d8=Q Qa8+ 52.Kc7 Qa7+ 53.Kc6 Bf3+ 54.Rd5 Qa8+  0-1

[Event "Bundesliga 8889"]
[Site "Germany"]
[Date "1989.??.??"]
[Round "?"]
[White "Wells, Peter K"]
[Black "Thesing, Matthias"]
[Result "1/2-1/2"]
[WhiteElo "2410"]
[BlackElo "2345"]

1.Nf3 Nf6 2.c4 e6 3.d4 d5 4.Nc3 c6 5.Qb3 dxc4 6.Qxc4 b5 7.Qd3 Be7 8.g3 Ba6
9.Ne4 Nbd7 10.Bg2 Rc8 11.Nxf6+ Nxf6 12.Ne5 Qb6 13.O-O O-O 14.Qb3 Bb7 15.Be3 c5
16.dxc5 Bxc5 17.Bxc5 Rxc5 18.Bxb7 Qxb7 19.Qe3 Rc2 20.Nd3  1/2-1/2